=LDR 00000nam 2200000 4500 =001 INLIS000000000036621 =005 20130612142410 =008 ***********************************Ind** =035 ##$$0010-061300000036621 =041 ##$$a Ind =082 ##$$a 813 =090 ##$$a 813, Sco t =100 ##$$a Scotch, Allson Winn =245 ##$$a The departmen of lost and fount, hilang dan ditemukan , Alluson Winn Scotch =260 ##$$a 2011 $b Jakarta =300 ##$$a 413 hlm, 17 cm =650 ##$$a Fiksi Indonesia =850 ##$$a NBPNMAT =990 ##$$a 21400613/BPAP-NTB/20142014 =990 ##$$a 0001/BPAP-NTB/20142014